| 000 | 00923nam a2200253Ia 4500 | ||
|---|---|---|---|
| 003 | GCL | ||
| 008 | 140319s9999 xx 000 0 ara d | ||
| 040 |
_aGCL / _cGCL |
||
| 082 | 0 | 4 |
_a792.09174927 _bع م |
| 100 | 1 | _aفاروق عبد القادر ( دراسة ) | |
| 245 | 1 | 0 |
_aالمسرح فى الوطن العربى ( عالم المعرفة 248 ) / _cفاروق عبد القادر ( دراسة ) |
| 700 | 1 | _aعلى الراعى | |
| 250 | _aالثانية | ||
| 260 |
_aالكويت : _bالمجلس الوطنى للثقافة والفنون والاداب ، _c1999 |
||
| 300 |
_a528 ص ؛ _c21 سم |
||
| 490 |
_aعالم المعرفة _v248 |
||
| 650 | 0 | 4 | _aالمسرح |
| 650 | 0 | 4 | _aالفنون المسرحية |
| 650 | 0 | 4 | _aالانتاج المسرحى |
| 650 | 0 | 4 | _aالمأساة |
| 650 | 0 | 4 | _aالمسرحيات - تاريخ ونقد |
| 650 | 0 | 4 | _aالمسرح - نقد |
| 942 |
_2ddc _cBK |
||
| 999 |
_c37142 _d37142 |
||